| 000 | 00742nam a2200253 4500 | ||
|---|---|---|---|
| 001 | 18413 | ||
| 003 | DO-SdUEMH | ||
| 005 | 20260330212236.0 | ||
| 007 | ta | ||
| 008 | 260330b2025 dr a|||gr|||| 00| 0dspa d | ||
| 020 | _a9789945251548 | ||
| 040 |
_aDO-SdUEMH _bspa _erda |
||
| 041 | _aspa | ||
| 082 | 0 | 4 |
_mRD _bG377d |
| 100 | _eaut | ||
| 245 | 1 | 0 |
_aDiccionario histórico, político y cultural 1492-2024 / _cCándido Gerón |
| 264 | 1 | 0 |
_aSanto Domingo : _bArchivo General de la Nación, _c2025 |
| 300 |
_a699 paginas : _bilustraciones ; _c25 cm. |
||
| 336 |
_2rdacontent _atexto _btxt |
||
| 337 |
_2rdamedia _asin mediación _bn |
||
| 338 |
_2rdacarrier _avolumen _bnc |
||
| 490 |
_aArchivo General de la Nación ; _v541 |
||
| 942 |
_2ddc _n0 _cBK |
||
| 999 |
_c18413 _d18413 |
||